Kavitacija /

Enregistré dans:
Détails bibliographiques
Auteur principal: Pearsall, I.S (Auteur)
Autres auteurs: Žuravlev, J.F (Traducteur)
Format: Livre
Langue:russe
Publié: Moskva : Mir, 1975
Sujets:
Tags: Ajouter un tag
Pas de tags, Soyez le premier à ajouter un tag!

MARC

LEADER 00000nam a22000003a 4500
001 stu40355
005 20150617225723.3
008 930429s1975----xxr-----------------rus-d
040 |a STU  |b slo 
041 0 |a rus 
044 |a xxr 
080 |a 532.528 
100 1 |a Pearsall, I.S  |4 aut 
245 1 |a Kavitacija /  |c [aut.]I.S. Pearsall; Z angl. J.F. Žuravlev 
260 |a Moskva :  |b Mir,  |c 1975 
300 |a 92 s 
650 7 |a Kavitácia  |2 stusub 
700 1 |a Žuravlev, J.F  |4 trl 
996 |b 284M014051  |c M*6706-1  |l MMKN  |s A  |a 24  |w stu40355_0001